Statistics for Baltimore Ravens Trivia

Click here to take the quiz!

General Stats

  • This quiz has been taken 2,180 times
    (2,005 since last reset)
  • The average score is 13 of 16

Answer Stats

QuestionAnswer% Correct
Player who set the NFL single-season record for most rushing yards by a
quarterback in 2019
Lamar Jackson
97%
Quarterbacks who have won a Super Bowl with the RavensJoe Flacco
94%
Head coach of the RavensJohn Harbaugh
94%
Linebacker from 1996–2012 who is the NFL's all-time leader in tacklesRay Lewis
93%
Other NFL team which used to play in Baltimore, but left in 1984Baltimore Colts
88%
Kicker who holds the record for the longest field goal in NFL historyJustin Tucker
87%
Player whose record he beatMichael Vick
86%
Player who rushed for 2,066 yards in 2003Jamal Lewis
85%
Former safety who is the NFL's all-time leader in interception return yardsEd Reed
81%
The Ravens' mascot (Hint: the last name of a famous author)Poe
80%
Ravens running back who was fired (eventually) after knocking his fiancé
unconscious in an elevator
Ray Rice
78%
City which the team used to play in before moving to Baltimore and becoming
the Ravens in 1996
Cleveland
76%
Former linebacker nicknamed "T-Sizzle"Terrell Suggs
73%
Team which the Ravens demolished in the 2000 Super BowlNew York Giants
72%
Hollywood film about the life of offensive lineman Michael OherThe Blind Side
70%
Quarterbacks who have won a Super Bowl with the RavensTrent Dilfer
55%

Score Distribution

Percentile by Number Answered

Percent of People with Each Score

Your Score History

You have not taken this quiz since the last reset